| 000 | 00346nam a2200121Ia 4500 | ||
|---|---|---|---|
| 008 | 231120s2018 xx 000 0 und d | ||
| 041 | _aeng | ||
| 082 | _a743.83 | ||
| 100 | _aVIRGINNIA HEIN | ||
| 245 | _a5 MINUTE SKETCHING LANDSCAPES: SUPER QUICK TECHNIQUES FOR AMAZING DRAWINGS | ||
| 260 |
_aSEARCH PRESS _bSEARCH PRESS _c2018 |
||
| 300 | _aP-128 | ||
| 999 |
_c933321 _d933321 |
||